Client/server programming with Java and corba (Record no. 182433)
[ view plain ]
| 000 -LEADER | |
|---|---|
| fixed length control field | 00413nam a2200157Ia 4500 |
| 008 - FIXED-LENGTH DATA ELEMENTS--GENERAL INFORMATION | |
| fixed length control field | 231217s9999 xx 000 0 und d |
| 020 ## - INTERNATIONAL STANDARD BOOK NUMBER | |
| International Standard Book Number | 8173660387 |
| 041 ## - LANGUAGE CODE | |
| Language code of text/sound track or separate title | English |
| 082 ## - DEWEY DECIMAL CLASSIFICATION NUMBER | |
| Classification number | 001.6424JAV ORF;14 |
| 100 ## - MAIN ENTRY--PERSONAL NAME | |
| Personal name | Orfali, Robert. Harkey, Dan. |
| 245 #0 - TITLE STATEMENT | |
| Title | Client/server programming with Java and corba |
| 250 ## - EDITION STATEMENT | |
| Edition statement | 2nd ed. |
| 260 ## - PUBLICATION, DISTRIBUTION, ETC. | |
| Date of publication, distribution, etc. | 1998 |
| Name of publisher, distributor, etc. | Wiley |
| Place of publication, distribution, etc. | New York |
| 300 ## - PHYSICAL DESCRIPTION | |
| Extent | xxxvi, 1022 |
| 942 ## - ADDED ENTRY ELEMENTS (KOHA) | |
| Koha item type | Books |
| Date last seen | Total checkouts | Full call number | Accession number | Price effective from | Category | Lost status | Damaged status | Department | Withdrawn status | Home library | Current library | Shelving location | Entry date | Vendor | Grants | Billdate | Currency symbol | Conversion rate | Discount | Old discount |
|---|---|---|---|---|---|---|---|---|---|---|---|---|---|---|---|---|---|---|---|---|
| 26/01/2024 | 001.6424JAV ORF;14 | 53066 | 26/01/2024 | Books | CS | Central Library | Central Library | Central Library | Publisher | DONATED | 11/04/2005 | RS | 1 |
